75 More Canadian Musical Acts by Songs - Statistics

General Stats
  • This quiz has been taken 32 times
  • The average score is 11 of 75
Answer Stats
Songs Artist/Band % Correct
Rude, Let Your Hair Down, No Way No MAGIC!
48%
Go For Soda, Lager & Ale, America Kim Mitchell
44%
My Girl (Gone, Gone, Gone), Fly At Night, I Believe Chilliwack
40%
Rock Me Gently, Baby I Love You, Be My Baby Andy Kim
32%
Oblivion, Genesis, Kill V. Maim Grimes
32%
You Broke Me First, She's All I Wanna Be, One Day Tate McRae
32%
Seasons In The Sun, Christina, If You Go Away Terry Jacks
32%
Janine, Thin White Line, Raise A Little Hell Trooper
32%
Lovers In A Dangerous Time, Wondering Where The Lions Are, If A Tree Falls Bruce Cockburn
28%
Universal Soldier, The Circle Game, You Got To Run (Spirit Of The Wind) Buffy Sainte-Marie
28%
Day By Day, Tomcat Prawl, Making It Work Doug and the Slugs
28%
Insensitive, Good Mother, Could I Be Your Girl Jann Arden
28%
Angel Eyes, Lost In Your Eyes, I Think I Love You Too Much Jeff Healey Band
28%
Hideaway, Giant In My Heart, Bridged By A Lightwave Kiesza
28%
Money City Maniacs, Everything You've Done Wrong, The Good In Everyone Sloan
28%
One Fine Morning, Sunny Days, Pretty Lady Lighthouse
24%
Hélène, Tant Pis, I'll Always Be There Roch Voisine
24%
Brother Down, Where Have All The Good People Gone?, Bridge To Nowhere Sam Roberts (Band)
24%
Barrett's Privateers, Northwest Passage, Rolling Down To Old Maui Stan Rogers
24%
3 Foot Tall, Inner Ninja, Higher Classified
20%
Sous Le Vent, Je Suis Le Même, Seul Garou
20%
I've Been Everywhere, The Golden Rocket, Hello Love Hank Snow
20%
Ringo, The Man, Ol' Tin Cup Lorne Greene
20%
Best Part, Get You, Japanese Denim Daniel Caesar
16%
Nobody's Supposed To Be Here, We Can't Be Friends, Who Do U Love Deborah Cox
16%
Somewhere Down The Crazy River, Shine Your Light, Broken Arrow Robbie Robertson
16%
When I'm With You, You Remind Me, I Don't Really Love You Sheriff
16%
Living On Video, I'm Yours Tonight, 3-D Dance Trans-X
16%
Crash 2.0, Wonder, Gold Adventure Club
12%
More Than Words Can Say, Waiting For Love, Perfect World Alias
12%
Drink About Me, Started With A Song, Something You Just Dont Forget Brett Kissel
12%
Sleeping On The Blacktop, The Devil Wears A Suit And Tie, Kate McCannon Colter Wall
12%
Time To Switch To Whiskey, Dig Gravedigger Dig, I Wanna Be In The Cavalry Corb Lund
12%
Had Enough, My Little RnR, First Date Danko Jones
12%
Dear Alcohol, Dear God, She Cheated Again Dax
12%
Dance Desire, Bad Bad Boy, Standin' In Line Haywire
12%
Jerk, 12 Years Old, A Marshmallow World Kim Stockwood
12%
Give It To Me Right, Monday Morning, It Kills Me Melanie Fiona
12%
Beast, Latin Moon, Danse Mia Martina
12%
When I Die, Soft Shell, Memories Of A Broken Promise Motherlode
12%
Break From Toronto, Come And See Me, Recognize PartyNextDoor
12%
Gold In Them Hills, Maybe This Christmas, Secret Heart Ron Sexsmith
12%
O Siem, Hina Na Ho (Celebration), Old Toy Trains Susan Aglukark
12%
Champions Of Red Wine, Challengers, High Ticket Attractions The New Pornographers
12%
Spirits, We Don't Know, Shovels & Dirt The Strumbellas
12%
One Great City!, Sun In An Empty Room, Left & Leaving The Weakerthans
12%
Paper Rain, To Keep From Missing You, Black Is Black Amanda Stott
8%
The Magician, Quite Like You, Living Room Andy Shauf
8%
Same Old Song, Up In This Town, Joey Boy
8%
The Tearjerker Returns, Knight Moves, Working Together Chilly Gonzales
8%
Jealous (I Ain't With It), Fancy Footwork, Bonafied Lovin Chromeo
8%
Hello, Outlines, Let It Go Dragonette
8%
Keeping Me Alive, Lost, Beautiful Day Jonathan Roy
8%
Swimming Song, Heart Is Like A Wheel, Complainte Pour Ste. Catherine Kate and Anna McGarrigle
8%
Summer Feelings, La Di Da, Kissing Other People Lennon Stella
8%
Body, Love No More, I'm Not Alright Loud Luxury
8%
One I Want, Waves Of Blue, Her Majid Jordan
8%
Bumble Bee, Still Cold, Dark Light Night Lovell
8%
Fineshrine, Obedear, Begin Again Purity Ring
8%
Signal, Tiny Hands, Love Is Love Quantum Tangle
8%
Rolling Stone, Black Water, Hold Me Like A Fire Reuben and the Dark
8%
Imiqtat, Qaumajuapik, Ataataga Riit
8%
Reminding Me, Sound Of Your Heart, Million Ways Shawn Hook
8%
Better Things To Do, Girls Lie Too, She Didn't Have Time Terri Clark
8%
With You, To The Man Who Let Her Go, Kiss Goodnight Tyler Shaw
8%
Robots, Road Regrets, Fool For Waiting Dan Mangan
4%
Kingdom, Deadhead, Hyperdrive! Devin Townsend (Project)
4%
With Me, Too Deep, Hallucinations Dvsn
4%
Fall Into Me, She's My Kind Of Crazy, Moments Emerson Drive
4%
What In The World's Come Over You, My True Love, Burning Bridges Jack Scott
4%
What If (I Told You I Like You), Everybody Wants You, Someone Will Love You Better Johnny Orlando
4%
Birds Of A Feather, How It Goes, Sweet Things Mocky
4%
Istanbul (Not Constantinople), Cry, Moments To Remember The Four Lads
4%
That's The Way It Is, Red, Moonlight Daniel Lanois
0%
Mine, Love Me, The Fire Felix Cartal
0%
No matching quizzes found
Score Distribution
Percent of People with Each Score
Percentile by Number Answered
Your Score History
You have not taken this quiz